| 000 | 00635cam a2200193 a 4500 | ||
|---|---|---|---|
| 001 | 000005898 | ||
| 005 | 20200929151830.0 | ||
| 008 | 730409s1972 ag 001 0 spa | ||
| 040 |
_aDO-SdBNP _cNhD _dOCoLC _dPPiU _dDLC |
||
| 050 | 0 | 0 |
_aF1765.2 _b.C27 |
| 082 |
_ann _bC266e |
||
| 100 | 1 |
_aCardenal, Ernesto _q(Ernesto Cardenal Martínez), _d1925- _916629 |
|
| 245 | 1 | 0 |
_aEn Cuba / _cErnesto Cardenal. |
| 260 |
_aBuenos Aires : _bCarlos Lohlé, _c1972. |
||
| 300 |
_a370 p. ; _c20 cm. |
||
| 651 | 0 |
_aCuba _xDescription And Travel. _916630 |
|
| 651 | 0 |
_aCuba _xPolitics And Government _y1959-1990. _916631 |
|
| 910 | _aCatalogación por copia / LC | ||
| 999 |
_c5694 _d5694 |
||